000 00433nam a2200181Ia 4500
001 12998
005 20260306163021.0
008 260306t1976||||xx |||||||||||||| ||spa||
041 _aESP
082 _aRD 616.879003
_bF81
100 _aShervert H., Frazier
_eAUT
245 0 _aDiccionario de Psiquiatría
260 _c1976
300 _a198 páginas :
_c23 cm.
650 _aGEN
654 _aCPS
942 _cDIC
_dJUS
_fJUS
_2ddc
_n
999 _c12998
_d12998